000 00532njm a2200181 i 4500
001 C2-0218229
003 PPAK
005 20180729152113.0
008 990722s1990 my |||| ||||| | may d
040 _aPPAK
_beng
_cPPAK
_erda
245 0 0 _aCeramah oleh Prof. Dr. Deliar Nor
264 1 _aAlor Setar, Kedah :
_bPerbadanan Perpustakaan Awam Kedah ,
_c1990
336 _2rdacontent
_atext
337 _2rdamedia
_aunmediated
338 _2rdacarrier
_avolume
500 _aDirakam pada 28/6/90 ; Tiada transkripsi
942 _ddc
_cB
999 _c163140
_d163140